000 00346nam a2200145Ia 4500
008 210210b2005 xxu||||| |||| 00| 0 eng d
020 _a81 7446 244 9
082 _a346.065 GULB
100 _aGULSHAN (S S).
245 _aBusiness Law. ED.2.
260 _aN D
_bExcel Books
_c2005
300 _a685
690 _aBusiness Law
906 _a060762
999 _c107597
_d107597